[Event "Mundial Juvenil femenino 2005 s10"]
[Site "Belfort FRA"]
[Date "2005.07.24"]
[Round "6.5"]
[White "Kou, Yingya"]
[Black "Unaphkshvili, Nani"]
[Result "1-0"]
[WhiteElo "1599"]
[BlackElo "1599"]
[PlyCount "109"]
[EventDate "2005.07.19"]
[EventType "swiss"]
[EventRounds "11"]
[EventCountry "FRA"]
[Source "lmi"]
[SourceDate "2005.07.31"]

1. e4 d6 2. d4 Nf6 3. Nc3 g6 4. f3 c6 5. Be3 b5 6. Qd2 Nbd7 7. O-O-O Bg7 8. h4
h5 9. Nh3 Nb6 10. Nf2 a5 11. Bd3 b4 12. Ne2 Ba6 13. g4 Nc4 14. Bxc4 Bxc4 15.
Kb1 Qb8 16. gxh5 Nxh5 17. Nf4 Nxf4 18. Bxf4 Rh5 19. Ng4 a4 20. e5 dxe5 21. dxe5
Qb7 22. Rhe1 b3 23. cxb3 axb3 24. a3 Bd5 25. Re3 Qc8 26. Qd4 Bxf3 27. Nf6+ Bxf6
28. Rxf3 Qf5+ 29. Ka1 Bxe5 30. Bxe5 Qxe5 31. Qd7+ Kf8 32. Rxb3 c5 33. Qc6 Rb8
34. Rxb8+ Qxb8 35. Ka2 Rxh4 36. Qxc5 Rh5 37. Qc3 f6 38. Qc4 Rb5 39. Rd8+ Qxd8
40. Qxb5 e6 41. a4 g5 42. a5 g4 43. a6 g3 44. a7 g2 45. Qb8 g1=Q 46. Qxd8+ Kg7
47. a8=Q Qc5 48. Qh8+ Kg6 49. Qag8+ Kf5 50. Qh5+ Ke4 51. Qxc5 e5 52. Qgd5+ Kf4
53. Qf2+ Kg5 54. Qg8+ Kh5 55. Qh2# 1-0

[Event "Mundial Juvenil femenino 2005 s10"]
[Site "Belfort FRA"]
[Date "2005.07.24"]
[Round "6.6"]
[White "Atabayva, Gozel"]
[Black "Wang, Jiating"]
[Result "0-1"]
[WhiteElo "1599"]
[BlackElo "1599"]
[PlyCount "102"]
[EventDate "2005.07.19"]
[EventType "swiss"]
[EventRounds "11"]
[EventCountry "FRA"]
[Source "lmi"]
[SourceDate "2005.07.31"]

1. e4 c6 2. d4 d5 3. e5 Bf5 4. Nc3 e6 5. Nf3 Ne7 6. Be2 Ng6 7. O-O Be7 8. Be3
O-O 9. h3 Nh4 10. Nxh4 Bxh4 11. a3 Nd7 12. Qd2 b6 13. b4 a5 14. Bf3 Be7 15.
Rab1 axb4 16. axb4 c5 17. bxc5 bxc5 18. Rfe1 cxd4 19. Bxd4 h6 20. Ne2 Ra2 21.
Rb2 Rxb2 22. Bxb2 Nb6 23. Nd4 Nc4 24. Qc3 Qb6 25. Nxf5 Bb4 26. Qb3 Bxe1 27.
Qxb6 Nxb6 28. Bd4 Nc4 29. Nd6 Nxd6 30. exd6 Bb4 31. d7 Rd8 32. c3 Ba5 33. Kf1
Rxd7 34. Ke2 Rc7 35. Kd3 f6 36. Bg4 e5 37. Be6+ Kf8 38. Be3 Rxc3+ 39. Ke2 d4
40. Bd2 Rc2 41. Kd3 Rxd2+ 42. Ke4 Rxf2 43. g4 Rh2 44. Kf5 d3 45. Kg6 d2 46. Bb3
e4 47. Kh7 e3 48. Bd1 e2 49. g5 exd1=Q 50. g6 Qb3 51. h4 Qg8# 0-1

[Event "Mundial Juvenil femenino 2005 s10"]
[Site "Belfort FRA"]
[Date "2005.07.24"]
[Round "6.7"]
[White "Le, Thanh Phuong Uyen"]
[Black "Baraeva, Marina"]
[Result "1/2-1/2"]
[WhiteElo "1599"]
[BlackElo "1599"]
[PlyCount "140"]
[EventDate "2005.07.19"]
[EventType "swiss"]
[EventRounds "11"]
[EventCountry "FRA"]
[Source "lmi"]
[SourceDate "2005.07.31"]

1. e4 c5 2. Nf3 g6 3. d4 cxd4 4. Qxd4 Nf6 5. e5 Nc6 6. Qc3 Nd5 7. Qb3 Nb6 8.
Ng5 e6 9. f4 Bg7 10. Ne4 O-O 11. Nd6 Nd4 12. Qd3 Nf5 13. Bd2 Nxd6 14. Qxd6 Re8
15. Nc3 Qe7 16. Nb5 Qxd6 17. Nxd6 Rf8 18. Bb4 Nd5 19. Bd2 Nc7 20. O-O-O Ne8 21.
Bb4 Nxd6 22. Bxd6 Re8 23. Be2 Bh6 24. g3 g5 25. Rhg1 Kh8 26. Rgf1 gxf4 27. gxf4
Rg8 28. Rf2 a6 29. Be7 b5 30. Bf6+ Bg7 31. Bxg7+ Rxg7 32. Bf3 Rb8 33. Rg2 Rxg2
34. Bxg2 Bb7 35. Bxb7 Rxb7 36. Rd6 Ra7 37. Kd2 Kg7 38. Ke3 Kg6 39. Ke4 f6 40.
c3 fxe5 41. Kxe5 h6 42. f5+ Kg5 43. h4+ Kxh4 44. f6 Kg5 45. f7 Ra8 46. Rxd7 Kg6
47. Kxe6 h5 48. Re7 Rf8 49. Re8 Rxf7 50. Rg8+ Rg7 51. Rxg7+ Kxg7 52. Kf5 Kf7
53. Kg5 Ke6 54. Kxh5 Kd5 55. Kg5 Kc4 56. Kf4 Kd3 57. Ke5 Kc2 58. Kd4 Kxb2 59.
c4 b4 60. c5 Kxa2 61. c6 b3 62. c7 b2 63. c8=Q b1=Q 64. Qxa6+ Kb2 65. Qb6+ Kc1
66. Qh6+ Kb2 67. Qb6+ Ka1 68. Qa5+ Qa2 69. Qe1+ Qb1 70. Qxb1+ Kxb1 1/2-1/2

[Event "Mundial Juvenil femenino 2005 s10"]
[Site "Belfort FRA"]
[Date "2005.07.24"]
[Round "6.8"]
[White "Roy, Myriam"]
[Black "Bohorquez, Maria"]
[Result "1/2-1/2"]
[WhiteElo "1599"]
[BlackElo "1599"]
[PlyCount "55"]
[EventDate "2005.07.19"]
[EventType "swiss"]
[EventRounds "11"]
[EventCountry "FRA"]
[Source "lmi"]
[SourceDate "2005.07.31"]

1. e4 e5 2. Nf3 Nc6 3. Bb5 a6 4. Ba4 Nf6 5. O-O b5 6. Bb3 Bc5 7. d3 d6 8. Be3
Qe7 9. h3 Be6 10. Nc3 O-O 11. Nd5 Bxd5 12. exd5 Nb8 13. Re1 Nbd7 14. d4 Ba7 15.
dxe5 dxe5 16. Bxa7 Rxa7 17. Nd4 Qc5 18. Nc6 Raa8 19. Nxe5 Nb6 20. Nc6 Rfe8 21.
Qd2 Nbxd5 22. Bxd5 Qxd5 23. Qxd5 Nxd5 24. Rad1 Nb6 25. Rxe8+ Rxe8 26. Kf1 g6
27. Nb4 a5 28. Nd5 1/2-1/2

[Event "Mundial Juvenil femenino 2005 s10"]
[Site "Belfort FRA"]
[Date "2005.07.24"]
[Round "6.9"]
[White "Casusol, Cecilia"]
[Black "Ho, En-Huei Danielle"]
[Result "1-0"]
[WhiteElo "1599"]
[BlackElo "1599"]
[PlyCount "49"]
[EventDate "2005.07.19"]
[EventType "swiss"]
[EventRounds "11"]
[EventCountry "FRA"]
[Source "lmi"]
[SourceDate "2005.07.31"]

1. e4 c5 2. Nf3 d6 3. d4 cxd4 4. Nxd4 Nf6 5. Nc3 g6 6. f3 Bg7 7. Be3 O-O 8. Qd2
Nc6 9. O-O-O Bd7 10. g4 Ne5 11. h4 h5 12. gxh5 Nxh5 13. Be2 Ng3 14. Rhg1 Nxe2+
15. Qxe2 Rc8 16. h5 Be8 17. h6 Bh8 18. h7+ Kg7 19. Qh2 Nxf3 20. Bh6+ Kxh7 21.
Nxf3 e5 22. Bg5+ Kg8 23. Bxd8 Rxd8 24. Rh1 f6 25. Qh7# 1-0

[Event "Mundial Juvenil femenino 2005 s10"]
[Site "Belfort FRA"]
[Date "2005.07.24"]
[Round "6.10"]
[White "Mucha, Magdalena"]
[Black "Chen, Yuxuan"]
[Result "0-1"]
[WhiteElo "1599"]
[BlackElo "1599"]
[PlyCount "70"]
[EventDate "2005.07.19"]
[EventType "swiss"]
[EventRounds "11"]
[EventCountry "FRA"]
[Source "lmi"]
[SourceDate "2005.07.31"]

1. e4 c5 2. g3 Nc6 3. Bg2 g6 4. Ne2 Bg7 5. c3 Nf6 6. O-O d5 7. exd5 Nxd5 8. Na3
O-O 9. Nc2 e5 10. d4 exd4 11. cxd4 c4 12. Bd2 Bf5 13. Ne3 Nxe3 14. fxe3 Qd7 15.
Nf4 b5 16. Rc1 Rac8 17. b3 cxb3 18. Qxb3 a6 19. Kh1 Rfe8 20. Rfe1 Be4 21. Nd5
Bxg2+ 22. Kxg2 Qe6 23. Nb6 Qe4+ 24. Kg1 Rcd8 25. Kf2 Ne5 26. dxe5 Rxd2+ 27. Re2
Rxe2+ 28. Kxe2 Qg2+ 29. Ke1 Qg1+ 30. Kd2 Qf2+ 31. Kd1 Rd8+ 32. Nd5 Qf3+ 33. Ke1
Rxd5 34. Rc8+ Bf8 35. Rc7 Bb4+ 0-1

[Event "Mundial Juvenil femenino 2005 s10"]
[Site "Belfort FRA"]
[Date "2005.07.24"]
[Round "6.11"]
[White "Saduakassova, Dinara"]
[Black "Barantseva, Alexandra"]
[Result "0-1"]
[WhiteElo "1599"]
[BlackElo "2089"]
[PlyCount "100"]
[EventDate "2005.07.19"]
[EventType "swiss"]
[EventRounds "11"]
[EventCountry "FRA"]
[Source "lmi"]
[SourceDate "2005.07.31"]

1. d4 e6 2. e4 d5 3. e5 c5 4. c3 Nc6 5. Nf3 Qb6 6. a3 a5 7. Bd3 cxd4 8. cxd4
Bd7 9. Be2 Nge7 10. b3 Nf5 11. Be3 Be7 12. O-O O-O 13. Nc3 Rac8 14. Na4 Qa7 15.
b4 f6 16. exf6 Bxf6 17. Nc5 Be8 18. Nxe6 Rf7 19. b5 Nce7 20. Nfg5 Bxg5 21. Bxg5
Qb6 22. Nc5 Nxd4 23. Qxd4 Qxc5 24. Qxc5 Rxc5 25. a4 Bd7 26. Rac1 Rxc1 27. Rxc1
Nf5 28. Rc7 Nd4 29. Bf1 Bf5 30. Rxf7 Kxf7 31. Bd8 Nb3 32. Be2 Bc2 33. Bf3 Ke6
34. Kf1 Nd2+ 35. Ke2 Nxf3 36. Kxf3 Bxa4 37. Bxa5 Bxb5 38. Ke3 Bc4 39. Bb6 Bf1
40. g3 Kd6 41. Kd4 Kc6 42. Bc5 Bg2 43. Bf8 g6 44. Kc3 Kb5 45. Kb3 d4 46. Bh6
Bd5+ 47. Kb2 Kc4 48. Kc2 b5 49. Bc1 Be4+ 50. Kd2 Kb3 0-1

[Event "Mundial Juvenil femenino 2005 s10"]
[Site "Belfort FRA"]
[Date "2005.07.24"]
[Round "6.12"]
[White "Ziaziulkina, Nastassia"]
[Black "Ivekovic, Tihana"]
[Result "1-0"]
[WhiteElo "1949"]
[BlackElo "1599"]
[PlyCount "133"]
[EventDate "2005.07.19"]
[EventType "swiss"]
[EventRounds "11"]
[EventCountry "FRA"]
[Source "lmi"]
[SourceDate "2005.07.31"]

1. e4 c5 2. Nf3 Nc6 3. d4 cxd4 4. Nxd4 Nf6 5. Nc3 d6 6. Bg5 e6 7. Be2 a6 8. O-O
h6 9. Be3 Be7 10. f4 O-O 11. Bf3 Nxd4 12. Bxd4 b5 13. e5 Nd5 14. Nxd5 exd5 15.
Bxd5 dxe5 16. Bxa8 exd4 17. Be4 Qc7 18. Kh1 Bf6 19. Qd3 Be6 20. b3 Rc8 21. Rae1
Qc5 22. Rc1 a5 23. Ra1 a4 24. Rfe1 Qb4 25. Rab1 Rc3 26. Qd2 Qa3 27. Ra1 Qc5 28.
Rf1 Re3 29. Bd3 Bf5 30. Bxf5 Qxf5 31. Rae1 Rc3 32. Re2 Qd5 33. Rd1 Qc6 34. Rde1
Kh7 35. Kg1 Qd5 36. Rd1 Qc6 37. Kh1 a3 38. Rf1 Qd5 39. Qe1 Qc6 40. Qf2 Qd5 41.
Rd1 Qc6 42. Rdd2 b4 43. Qe1 Qc7 44. g3 Qc6+ 45. Rg2 Re3 46. Rde2 Rc3 47. Qf1 d3
48. cxd3 Kh8 49. Rd2 Bd4 50. Qe2 Qc8 51. Rc2 Qc6 52. h3 g6 53. Kh2 Bg7 54. Qd1
Qd5 55. Rxc3 Bxc3 56. Re2 Kg7 57. Re4 Qc5 58. Qe2 Qd5 59. Qe3 Qb5 60. Rc4 Qd5
61. Qe4 Qd7 62. d4 Kg8 63. Kg2 Kh7 64. g4 Kg8 65. Kf3 Kh7 66. Kg3 Kg8 67. Qe5
1-0

[Event "Mundial Juvenil femenino 2005 s10"]
[Site "Belfort FRA"]
[Date "2005.07.24"]
[Round "6.13"]
[White "Baraeva, Irina"]
[Black "Owens, Megan"]
[Result "1/2-1/2"]
[WhiteElo "1599"]
[BlackElo "1599"]
[PlyCount "130"]
[EventDate "2005.07.19"]
[EventType "swiss"]
[EventRounds "11"]
[EventCountry "FRA"]
[Source "lmi"]
[SourceDate "2005.07.31"]

1. c4 e5 2. Nc3 Nc6 3. g3 f5 4. Bg2 Nf6 5. e3 d6 6. Nge2 Be6 7. b3 g6 8. d4
exd4 9. Nxd4 Nxd4 10. exd4 Qe7 11. O-O O-O-O 12. Re1 Qf7 13. Qf3 c6 14. d5 Bd7
15. Bb2 Bh6 16. b4 Rhe8 17. b5 c5 18. a4 g5 19. a5 f4 20. b6 a6 21. Qd3 Nh5 22.
Ne4 Bf5 23. Nxd6+ Rxd6 24. Rxe8+ Kd7 25. Re4 Nf6 26. Qe2 Nxe4 27. Bxe4 Bxe4 28.
Qxe4 Qg6 29. Qxg6 Rxg6 30. Re1 f3 31. Ba3 Bf8 32. h3 g4 33. hxg4 Rxg4 34. Re3
Rxc4 35. Rxf3 Be7 36. Bb2 Kd6 37. Rf7 Re4 38. Rxh7 Kxd5 39. f4 Kc4 40. f5 Kd3
41. Kf1 c4 42. f6 Bb4 43. Rd7+ Kc2 44. Bd4 Re1+ 45. Kf2 Rd1 46. f7 Ba3 47. g4
c3 48. g5 Kb1 49. g6 c2 50. Rc7 Bf8 51. g7 Bxg7 52. Bxg7 Rd8 53. f8=Q Rxf8+ 54.
Bxf8 c1=Q 55. Rxc1+ Kxc1 56. Ke3 Kc2 57. Bg7 Kb3 58. Kd3 Ka4 59. Bc3 Kb5 60.
Kd4 Kc6 61. Ke5 Kd7 62. Bb4 Kc8 63. Bd6 Kd7 64. Kd5 Kd8 65. Bf4 Kd7 1/2-1/2

[Event "Mundial Juvenil femenino 2005 s10"]
[Site "Belfort FRA"]
[Date "2005.07.24"]
[Round "6.14"]
[White "Kabai, Zsuzsanna"]
[Black "Brunet, Pauline"]
[Result "1-0"]
[WhiteElo "1599"]
[BlackElo "1599"]
[PlyCount "82"]
[EventDate "2005.07.19"]
[EventType "swiss"]
[EventRounds "11"]
[EventCountry "FRA"]
[Source "lmi"]
[SourceDate "2005.07.31"]

1. c4 e6 2. Nc3 d5 3. cxd5 exd5 4. d4 Nf6 5. Nf3 Bd6 6. Bg5 Be7 7. e3 O-O 8.
Bd3 Bg4 9. h3 Be6 10. O-O Nbd7 11. Qc2 h6 12. Bxf6 Nxf6 13. Rfc1 c6 14. Rab1
Bd6 15. b4 b5 16. Ne2 Bc7 17. Qxc6 a6 18. Qxc7 Qe8 19. Qc2 Rc8 20. Qd2 Rxc1+
21. Rxc1 Ne4 22. Bxe4 dxe4 23. Nh2 Qe7 24. d5 Bf5 25. Nf1 Qg5 26. Nfg3 Bd7 27.
Nxe4 Qg6 28. N4g3 Rd8 29. e4 h5 30. h4 Bg4 31. Rc6 Rd6 32. Rxd6 Qxd6 33. f3 Bd7
34. a3 Qb6+ 35. Qd4 Qc7 36. Qc5 Qe5 37. Kh2 Qb2 38. Qe7 Bf5 39. exf5 Qxa3 40.
Qc5 a5 41. d6 Qd3 1-0

[Event "Mundial Juvenil femenino 2005 s10"]
[Site "Belfort FRA"]
[Date "2005.07.24"]
[Round "6.15"]
[White "Milotunovic, Stefana"]
[Black "Chetina, Elizaveta"]
[Result "1-0"]
[WhiteElo "1599"]
[BlackElo "1599"]
[PlyCount "105"]
[EventDate "2005.07.19"]
[EventType "swiss"]
[EventRounds "11"]
[EventCountry "FRA"]
[Source "lmi"]
[SourceDate "2005.07.31"]

1. d4 Nf6 2. c4 e6 3. Nc3 d5 4. cxd5 exd5 5. Bg5 Be7 6. Qc2 O-O 7. e3 c5 8.
dxc5 Bxc5 9. Bxf6 Qxf6 10. Nxd5 Qd6 11. Nc3 Nc6 12. a3 Re8 13. Ne4 Qg6 14. Qxc5
Rxe4 15. g3 Re5 16. Qc3 Be6 17. Bg2 Bd5 18. Nf3 Rf5 19. Nh4 Qg5 20. Nxf5 Bxg2
21. Rg1 Qxf5 22. Rxg2 Qh3 23. Kf1 h6 24. Qc4 Ne5 25. Qh4 Qe6 26. Qe4 Qa6+ 27.
Kg1 Nd3 28. b3 Nb2 29. Qc2 Nd3 30. Qc4 Qd6 31. Rd1 Rd8 32. f4 Qg6 33. Rgd2 Rd6
34. Rxd3 Rxd3 35. Qxd3 Qg4 36. Kg2 Qe6 37. e4 Kh7 38. e5+ g6 39. Qd5 Qe7 40.
Qd6 Qe8 41. a4 Qc8 42. Qd7 Qc2+ 43. Kh3 Qxb3 44. Qd5 Qxd5 45. Rxd5 Kg7 46. Rd7
b6 47. Rxa7 Kf8 48. Rb7 Ke8 49. Rxb6 Kd8 50. Rb7 g5 51. a5 gxf4 52. gxf4 Kc8
53. a6 1-0

[Event "Mundial Juvenil femenino 2005 s10"]
[Site "Belfort FRA"]
[Date "2005.07.24"]
[Round "6.16"]
[White "Chiarion, Elisa"]
[Black "Saikhanchimeg, Tsogtsaikman"]
[Result "1-0"]
[WhiteElo "1599"]
[BlackElo "1599"]
[PlyCount "137"]
[EventDate "2005.07.19"]
[EventType "swiss"]
[EventRounds "11"]
[EventCountry "FRA"]
[Source "lmi"]
[SourceDate "2005.07.31"]

1. e4 e6 2. d4 d5 3. e5 c5 4. c3 Nc6 5. Nf3 Qb6 6. Be2 f6 7. O-O fxe5 8. Nxe5
Nxe5 9. dxe5 Ne7 10. a3 Ng6 11. b4 Nxe5 12. Be3 Bd7 13. Nd2 Rc8 14. a4 Qc7 15.
b5 Be7 16. Rb1 O-O 17. Qb3 b6 18. Nf3 Ng4 19. h3 Rxf3 20. hxg4 Rf7 21. Rbd1 Qe5
22. Rfe1 Bd6 23. g3 Qe4 24. Kh2 e5 25. Qxd5 Qxd5 26. Rxd5 Bc7 27. Red1 Be6 28.
R5d2 Rf6 29. g5 Rf7 30. c4 Re8 31. Kg2 Ra8 32. Bf3 Rb8 33. Bd5 Bxd5+ 34. Rxd5
Ra8 35. Rd7 Rxd7 36. Rxd7 Bd8 37. f4 exf4 38. Bxf4 g6 39. Kf3 h5 40. gxh6 Bf6
41. Ke4 a6 42. Rd6 Bd4 43. Rxg6+ Kh7 44. Rxb6 axb5 45. axb5 Ra4 46. Kd5 Ra8 47.
g4 Rd8+ 48. Rd6 Rf8 49. Be5 Be3 50. b6 Bxh6 51. Kxc5 Re8 52. Kd5 Bf8 53. Rd7+
Kg6 54. b7 Kg5 55. b8=Q Rxb8 56. Bxb8 Kxg4 57. Rf7 Ba3 58. c5 Bxc5 59. Kxc5 Kg5
60. Kd5 Kg6 61. Rf1 Kg5 62. Ke4 Kg4 63. Rg1+ Kh4 64. Kf3 Kh5 65. Kf4 Kh6 66.
Kf5 Kh7 67. Kf6 Kh8 68. Kf7 Kh7 69. Rh1# 1-0

[Event "Mundial Juvenil femenino 2005 s10"]
[Site "Belfort FRA"]
[Date "2005.07.24"]
[Round "6.17"]
[White "Papathanasiou, Aggeliki"]
[Black "Eid, Maha"]
[Result "1/2-1/2"]
[WhiteElo "1599"]
[BlackElo "1599"]
[PlyCount "100"]
[EventDate "2005.07.19"]
[EventType "swiss"]
[EventRounds "11"]
[EventCountry "FRA"]
[Source "lmi"]
[SourceDate "2005.07.31"]

1. d4 d5 2. Nf3 e6 3. c4 Be7 4. Nc3 Nf6 5. e3 O-O 6. cxd5 exd5 7. Bd3 h6 8. O-O
c6 9. Bc2 Be6 10. Qd3 Nbd7 11. Re1 Re8 12. e4 dxe4 13. Nxe4 Bf8 14. Ne5 g6 15.
Nxd7 Bxd7 16. Nxf6+ Qxf6 17. Bd2 Bg7 18. Bc3 Bf5 19. Qd2 Bxc2 20. Qxc2 Qd6 21.
b4 Rad8 22. a3 Rxe1+ 23. Rxe1 Bxd4 24. Bxd4 Qxd4 25. h3 Kf8 26. Qe2 Qd7 27. Qe3
Qd2 28. Qe7+ Kg8 29. Re2 Qd1+ 30. Kh2 Qd7 31. Qxd7 Rxd7 32. Re8+ Kg7 33. Ra8 a6
34. Rb8 Kf6 35. g4 Kg7 36. Kg2 g5 37. Kh2 Rd2 38. Kg2 Ra2 39. Rxb7 Rxa3 40. Rb6
Ra4 41. Rxc6 Kh7 42. Rb6 Kg7 43. b5 axb5 44. Rxb5 Re4 45. Kg3 Kg6 46. Ra5 Rf4
47. h4 Kg7 48. hxg5 hxg5 49. Rc5 f6 50. f3 Ra4 1/2-1/2

[Event "Mundial Juvenil femenino 2005 s10"]
[Site "Belfort FRA"]
[Date "2005.07.24"]
[Round "6.18"]
[White "Rato, Ana"]
[Black "Gaboyan, Susanna"]
[Result "0-1"]
[WhiteElo "1599"]
[BlackElo "1599"]
[PlyCount "106"]
[EventDate "2005.07.19"]
[EventType "swiss"]
[EventRounds "11"]
[EventCountry "FRA"]
[Source "lmi"]
[SourceDate "2005.07.31"]

1. e4 c6 2. d4 d5 3. exd5 cxd5 4. Nf3 Bg4 5. Be2 e6 6. h3 Bh5 7. Bf4 Bd6 8.
Bxd6 Qxd6 9. O-O Nf6 10. Nc3 a6 11. Ne5 Bg6 12. a3 Nc6 13. Nxc6 bxc6 14. Bf3
O-O 15. Na4 Rab8 16. b3 Nd7 17. Bh5 Be4 18. Bf3 Bf5 19. Bg4 Be4 20. Bf3 Nf6 21.
Nc5 Bxf3 22. Qxf3 Nd7 23. Nxa6 Ra8 24. Nb4 c5 25. dxc5 Nxc5 26. Qg4 Ne4 27.
Rfd1 Qc5 28. Qe2 Nc3 29. Qd3 Nxd1 30. Qxd1 Rfb8 31. Qe2 Rxb4 32. Qe1 Rbb8 33.
Qd1 Rxa3 34. Rb1 Ra2 35. Rc1 Rc8 36. Kf1 Rxc2 37. Rxc2 Qxc2 38. Qxc2 Rxc2 39.
Ke1 Rb2 40. g3 Rxb3 41. Ke2 Rb6 42. Ke3 Rd6 43. Kd4 Kf8 44. f4 Ke7 45. g4 Kf6
46. h4 h5 47. gxh5 Kf5 48. Ke3 d4+ 49. Kd3 Kxf4 50. Ke2 d3+ 51. Kd1 d2 52. h6
gxh6 53. h5 Ke3 0-1

[Event "Mundial Juvenil femenino 2005 s10"]
[Site "Belfort FRA"]
[Date "2005.07.24"]
[Round "6.19"]
[White "Roy, Ali"]
[Black "Galunova, Tsveta"]
[Result "0-1"]
[WhiteElo "1599"]
[BlackElo "1599"]
[PlyCount "96"]
[EventDate "2005.07.19"]
[EventType "swiss"]
[EventRounds "11"]
[EventCountry "FRA"]
[Source "lmi"]
[SourceDate "2005.07.31"]

1. e4 e5 2. Bc4 Nf6 3. Nc3 Nc6 4. Nf3 Bc5 5. O-O d6 6. h3 O-O 7. d3 Be6 8. Bxe6
fxe6 9. Bg5 Qe8 10. Nb5 Rc8 11. a4 a6 12. Na3 Ne7 13. c3 Ng6 14. d4 Bxa3 15.
Rxa3 Nxe4 16. Bc1 exd4 17. Qxd4 Nf6 18. Re1 e5 19. Qd3 Qc6 20. Qc2 Nh5 21. Qe4
Qxe4 22. Rxe4 Nhf4 23. Bxf4 Nxf4 24. a5 Nxh3+ 25. gxh3 Rxf3 26. Kg2 Rcf8 27.
Re2 R3f4 28. Rb3 Rb8 29. Kg3 Ra4 30. Ra3 Rxa3 31. bxa3 Kf7 32. Kf3 Ke6 33. Ke4
b5 34. f3 Rf8 35. Rg2 Rf4+ 36. Ke3 g6 37. Rg4 Rxg4 38. fxg4 Kd5 39. Kd3 e4+ 40.
Ke3 Ke5 41. h4 d5 42. h5 g5 43. h6 c5 44. Kd2 Kf4 45. Ke2 Kxg4 46. Ke3 Kg3 47.
Ke2 g4 48. Kf1 Kf3 0-1

[Event "Mundial Juvenil femenino 2005 s10"]
[Site "Belfort FRA"]
[Date "2005.07.24"]
[Round "6.20"]
[White "Yang, Sylvia"]
[Black "Ivanova, Aleksandra"]
[Result "1-0"]
[WhiteElo "1599"]
[BlackElo "1599"]
[PlyCount "121"]
[EventDate "2005.07.19"]
[EventType "swiss"]
[EventRounds "11"]
[EventCountry "FRA"]
[Source "lmi"]
[SourceDate "2005.07.31"]

1. e4 c6 2. d4 d5 3. exd5 cxd5 4. c4 Nf6 5. Nc3 e6 6. Nf3 Bb4 7. a3 Bxc3+ 8.
bxc3 Nc6 9. Bg5 O-O 10. Be2 dxc4 11. Bxc4 h6 12. Bh4 Qa5 13. Qd3 Nd5 14. Bxd5
Qxd5 15. O-O b6 16. c4 Qd7 17. d5 Bb7 18. Rad1 Nb8 19. Rfe1 exd5 20. cxd5 Re8
21. Rxe8+ Qxe8 22. Re1 Qa4 23. Re4 Qd7 24. Re7 Ba6 25. Rxd7 Bxd3 26. Rd8+ Kh7
27. Ne5 Bb5 28. Nc6 Bc4 29. Nxb8 Bxd5 30. Rxd5 Rxb8 31. Rd7 b5 32. Rxa7 b4 33.
axb4 Rxb4 34. g3 Kg8 35. Be7 Rb3 36. f4 Rb2 37. Bc5 Rc2 38. Bf2 Rc1+ 39. Kg2
Rc2 40. f5 f6 41. Kf3 Rc8 42. Ra2 Rc4 43. Be3 h5 44. h3 Kf7 45. g4 hxg4+ 46.
hxg4 Rb4 47. Rc2 Ra4 48. Rc7+ Kg8 49. g5 fxg5 50. Bxg5 Ra5 51. Kg4 Ra4+ 52. Bf4
Ra6 53. Be5 g6 54. Rg7+ Kf8 55. Rxg6 Ra4+ 56. Kg5 Ra5 57. Bd6+ Kf7 58. Rf6+ Ke8
59. Re6+ Kd7 60. Re5 Ra8 61. Bb4 1-0

[Event "Mundial Juvenil femenino 2005 s10"]
[Site "Belfort FRA"]
[Date "2005.07.26"]
[Round "7.1"]
[White "Kotepalli, Sai Nirupama"]
[Black "Lach, Aleksandra"]
[Result "0-1"]
[WhiteElo "1599"]
[BlackElo "1822"]
[PlyCount "80"]
[EventDate "2005.07.19"]
[EventType "swiss"]
[EventRounds "11"]
[EventCountry "FRA"]
[Source "lmi"]
[SourceDate "2005.07.31"]

1. e3 b6 2. Nf3 Bb7 3. g3 Bc8 4. Ng1 Bb7 5. Nf3 f5 6. Bg2 Nf6 7. O-O e6 8. d4
Be7 9. c4 O-O 10. Nc3 Ne4 11. Qc2 Nxc3 12. Qxc3 d6 13. Ng5 Bxg2 14. Nxe6 Qc8
15. Nxf8 Bxf1 16. Kxf1 Qxf8 17. b3 Nd7 18. Bb2 Nf6 19. Qd3 Qc8 20. Rc1 Qd7 21.
Kg2 Re8 22. f3 Bd8 23. Re1 Kh8 24. e4 fxe4 25. fxe4 Qc6 26. d5 Qd7 27. h3 Qf7
28. a4 Qg6 29. Kf3 Nd7 30. b4 Bf6 31. Bxf6 Qxf6+ 32. Ke3 Qe5 33. Kf3 Qb2 34.
Ke3 Qg2 35. Kd4 Qf2+ 36. Qe3 Qf6+ 37. Kd3 Qb2 38. Qc1 Ne5+ 39. Ke3 Qb3+ 40. Ke2
Qf3+ 0-1

[Event "Mundial Juvenil femenino 2005 s10"]
[Site "Belfort FRA"]
[Date "2005.07.26"]
[Round "7.2"]
[White "Wang, Jiating"]
[Black "Iwanow, Anna"]
[Result "0-1"]
[WhiteElo "1599"]
[BlackElo "1854"]
[PlyCount "56"]
[EventDate "2005.07.19"]
[EventType "swiss"]
[EventRounds "11"]
[EventCountry "FRA"]
[Source "lmi"]
[SourceDate "2005.07.31"]

1. e4 e5 2. Nf3 Nc6 3. Bb5 f5 4. Bxc6 dxc6 5. Nc3 Nf6 6. d3 fxe4 7. dxe4 Qxd1+
8. Nxd1 Nxe4 9. Nxe5 Bd6 10. Nf3 O-O 11. h3 Bf5 12. Ne3 Bg6 13. O-O Rae8 14. c3
Bh5 15. Nd2 Nxf2 16. Rxf2 Rxe3 17. Rxf8+ Bxf8 18. Nb3 Re1+ 19. Kf2 Re2+ 20. Kg1
Bd6 21. Na5 Bg3 22. Bg5 Rxb2 23. Be7 Bf7 24. Ba3 Rd2 25. c4 h6 26. Nxb7 Bxc4
27. Rb1 Bd5 28. Rb2 Rd1# 0-1

[Event "Mundial Juvenil femenino 2005 s10"]
[Site "Belfort FRA"]
[Date "2005.07.26"]
[Round "7.3"]
[White "Aflalo, Sophie"]
[Black "Kou, Yingya"]
[Result "1-0"]
[WhiteElo "1599"]
[BlackElo "1599"]
[PlyCount "83"]
[EventDate "2005.07.19"]
[EventType "swiss"]
[EventRounds "11"]
[EventCountry "FRA"]
[Source "lmi"]
[SourceDate "2005.07.31"]

1. e4 c5 2. Nf3 d6 3. d4 cxd4 4. Nxd4 Nf6 5. Nc3 a6 6. Be2 e5 7. Nb3 Be7 8. Bg5
Be6 9. Bxf6 Bxf6 10. Nd5 Bg5 11. a4 b6 12. a5 b5 13. O-O O-O 14. Nb6 Ra7 15.
Nd5 Nd7 16. Bf3 Nc5 17. Nc1 f5 18. Re1 Bxc1 19. Rxc1 fxe4 20. Bxe4 Qh4 21. f3
Bf5 22. Bxf5 Rxf5 23. Ne3 Rh5 24. Ng4 Rd7 25. b4 Na4 26. Qd5+ Kh8 27. c4 bxc4
28. Qc6 Rd8 29. Qxa4 Rc8 30. Qd7 Rd8 31. Qc6 d5 32. Qc7 e4 33. g3 Qg5 34. f4
Rf8 35. fxg5 Rxg5 36. Ne5 Rgf5 37. Rf1 Rxf1+ 38. Rxf1 Re8 39. Qf7 Rg8 40. Ng6+
hxg6 41. Rf4 Rb8 42. Rh4# 1-0

[Event "Mundial Juvenil femenino 2005 s10"]
[Site "Belfort FRA"]
[Date "2005.07.26"]
[Round "7.5"]
[White "Anakidze, Nino"]
[Black "Casusol, Cécilia"]
[Result "0-1"]
[WhiteElo "1963"]
[BlackElo "1599"]
[PlyCount "44"]
[EventDate "2005.07.19"]
[EventType "swiss"]
[EventRounds "11"]
[EventCountry "FRA"]
[Source "lmi"]
[SourceDate "2005.07.31"]

1. e4 e5 2. Nf3 Nc6 3. Bc4 Bc5 4. d3 d6 5. Nc3 Bg4 6. Be3 Bb6 7. O-O h6 8. a4
Nf6 9. Nd5 O-O 10. Bxb6 axb6 11. Ne3 Bh5 12. c3 Qd7 13. Re1 Nh7 14. Bb3 Ng5 15.
Nf5 Ne7 16. Nxe5 Qxf5 17. Qxh5 Qxe5 18. f4 Qxf4 19. h4 Ne6 20. d4 Qf6 21. Rf1
Qg6 22. Qf3 h5 0-1

[Event "Mundial Juvenil femenino 2005 s10"]
[Site "Belfort FRA"]
[Date "2005.07.26"]
[Round "7.6"]
[White "Barantseva, Alexandra"]
[Black "Kabai, Zsuzsanna"]
[Result "1-0"]
[WhiteElo "2089"]
[BlackElo "1599"]
[PlyCount "103"]
[EventDate "2005.07.19"]
[EventType "swiss"]
[EventRounds "11"]
[EventCountry "FRA"]
[Source "lmi"]
[SourceDate "2005.07.31"]

1. c4 e5 2. Nc3 Nf6 3. g3 Nc6 4. Bg2 Bb4 5. Nf3 d6 6. O-O Be6 7. d3 O-O 8. Bd2
Qd7 9. Ng5 h6 10. Nxe6 fxe6 11. a3 Bxc3 12. Bxc3 Kf7 13. b4 Rab8 14. Kh1 a6 15.
Qd2 Nd4 16. f4 Nb3 17. Qb2 Nxa1 18. fxe5 dxe5 19. Bxe5 Ke7 20. Qxa1 Rf7 21. d4
Ng4 22. Rxf7+ Kxf7 23. d5 Nxe5 24. dxe6+ Kxe6 25. Bh3+ Kf7 26. Bxd7 Nxd7 27.
Qd4 Nf6 28. e4 Ke6 29. e5 Ne8 30. Qd5+ Ke7 31. Qc5+ Kd7 32. Qd5+ Ke7 33. e6 Nf6
34. Qc5+ Kxe6 35. Qxc7 Nd7 36. Qf4 Ne5 37. Qd4 g5 38. Qd5+ Kf5 39. g4+ Kf4 40.
Qd4+ Kf3 41. Qxe5 Rf8 42. Qd5+ Kxg4 43. Qxb7 Kh3 44. Qg2+ Kh4 45. Qc6 Kh3 46.
Qxh6+ Kg4 47. Qxf8 Kh3 48. Qf7 Kg4 49. Kg2 a5 50. Qf3+ Kh4 51. h3 axb4 52. Qg4#
1-0